1109 1420 1335 1752 1214 1116 1426 1637 1802 1869 1877 1256 1962 1426 1815 1694 1742 1431 1427 1410 1775 1110 1350 1094 1539 1688 1332 1720 1888 1635 1900 1626 1443 1719 1240 1511 1655 1216 1368 1157 1272 1322 1790 1897 1188 1379 1860 1730 1061 1172 1577 1317 1304 1237 1844 1580 1240 1720 1945 1707 1147 1220 1090 1310 1398 1454 1166 1206 1305 1142 1839 1263 1625 1109 1599 1703 1902 1755 1874 1143 1548 1246 1368 1183 1896 1821 1048 1814 1067 1242 1739 1414 1868 1632 1234 1012 1372 1495 1710 BCNSPRNW ULIB Ver.6.0+V

เปลี่ยนเป็นภาษาไทย

Change to English
 แสดงรายละเอียดบรรณานุกรม
  กลับหน้าหลัก

Brief Record : Get Marc (ISO 2709) : E-mail record : QR code < ปิดหน้าต่าง
LEADER : 00000nam 2200000uu 4500
001    13399113795
003     ULIB
008    120105s2551||||th 000 0 tha d
020    ^a9789741673933
090    ^aนว.^bด898พ 2551
100 0  ^aเดวิล อิน เลิฟ
245 00 ^aพิศวาสสุดหัวใจ/^cเดวิล อิน เิลิฟ
250    ^aพิมพ์ครั้งที่ 1
260    ^aกรุงเทพฯ :^bsugar beat ,^c2551
300    ^a288 หน้า
945    ^p200^l0^i15319
995    ^aกัณชพร
999    ^aใช้งานได้ทุกระบบ
รายการนี้ยังไม่มีแท็ก
คุณยังไม่ได้ล็อกอิน คุณสามารถมีกิจกรรมร่วมกับเว็บไซต์ได้ แต่ต้องล็อกอินก่อน ::
  ล็อกอิน

รายการสื่อสารสนเทศ

ลำดับที่ ประเภท เลขเรียก/บาร์โค้ด สถานที่ สถานะ
1. นวนิยาย
นวนิยาย
นว. ด898พ 2551  
  Barcode: 15319
ห้องสมุดวิทยาเขตสวรรค์ประชารักษ์
►นวนิยาย
บนชั้น
  ขอยืม

BibComment


ยังไม่เคยถูกคอมเมนท์

คอมเมนท์ทรัพยากรรายการนี้
  คอมเมนท์: พิศวาสสุดหัวใจ เ..


 Copyright 2026. Bcnsprnw @Library